Biggest Cities in Uruguay - Statistics

General Stats
  • This quiz has been taken 12 times
  • The average score is 6 of 20
Answer Stats
Population City % Correct
1.290.000 Montevideo
100%
32.000 Colonia del Sacramento
40%
37.000 Florida
40%
110.000 Salto
40%
110.000 Ciudad de la Costa
30%
40.000 Durazno
30%
61.000 Las Piedras
30%
100.000 Maldonado
30%
56.000 Melo
30%
39.000 Minas
30%
85.000 Rivera
30%
44.000 Artigas
20%
44.000 Mercedes
20%
31.000 Pando
20%
82.000 Paysandú
20%
39.000 San José de Mayo
20%
61.000 Tacuarembó
20%
36.000 Barros Blancos
10%
30.000 San Carlos
10%
38.000 Ciudad del Plato
0%
No matching quizzes found
Score Distribution
Percent of People with Each Score
Percentile by Number Answered
Your Score History
You have not taken this quiz